000 00315nam a2200121Ia 4500
008 190216s9999||||xx |||||||||||||| ||und||
100 _aVisweswara Rao C R
245 0 _aEliot`S Plays Religious Idea And Dramatic Desing
260 _bS Vishwanathan
_c1989
300 _a200p
650 _aEnglish Drama
942 _cBK
999 _c13694
_d13694